Złów Kształty Państw – Gra - Statystyki

Ogólne statystyki
  • Ten quiz został rozwiązany 7 082 razy
  • Średni wynik to 8 z 20
Odpowiedzi na mapie
Odpowiedzi zakodowano w zielono-czerwonej skali na mapie do tego quizu, zgodnie z poniższymi procentami.
 
Statystyki odpowiedzi
Państwo % Poprawnych
Republika Południowej Afryki
72%
Polska
71%
Stany Zjednoczone
69%
Indie
68%
Egipt
67%
Rosja
67%
Brazylia
65%
Chile
64%
Francja
64%
Włochy
63%
Hiszpania
61%
Kanada
61%
Norwegia
61%
Australia
60%
Niemcy
60%
Wielka Brytania
60%
Chiny
59%
Turcja
58%
Austria
57%
Cypr
57%
Chorwacja
55%
Grecja
55%
Indonezja
53%
Ukraina
53%
Maroko
52%
Japonia
50%
Meksyk
50%
Argentyna
48%
Portugalia
48%
Rumunia
47%
Tajlandia
47%
Filipiny
46%
Kazachstan
46%
Libia
46%
Somalia
46%
Białoruś
45%
Wietnam
45%
Kuba
44%
Mali
44%
Algieria
43%
Peru
43%
Islandia
42%
Mongolia
42%
Iran
41%
Laos
41%
Madagaskar
41%
Holandia
40%
Irlandia
40%
Papua-Nowa Gwinea
40%
Tajwan
39%
Szwecja
38%
Etiopia
37%
Niger
37%
Senegal
37%
Sri Lanka
37%
Czad
36%
Demokratyczna Republika Konga
36%
Izrael
36%
Nowa Zelandia
36%
Sudan
35%
Pakistan
34%
Malawi
33%
Afganistan
32%
Irak
32%
Arabia Saudyjska
31%
Belgia
31%
Gruzja
31%
Szwajcaria
31%
Erytrea
30%
Zjednoczone Emiraty Arabskie
30%
Malezja
29%
Mjanma
29%
Namibia
29%
Serbia
29%
Bangladesz
28%
Jemen
28%
Panama
28%
Mozambik
27%
Nepal
27%
Syria
27%
Gabon
26%
Gambia
26%
Haiti
26%
Mauretania
26%
Tunezja
26%
Wenezuela
26%
Zambia
26%
Kamerun
25%
Korea Północna
25%
Kenia
22%
Korea Południowa
22%
Nikaragua
22%
Kolumbia
21%
Nigeria
18%
Paragwaj
17%
Liberia
12%
Gujana
11%
Kostaryka
11%
Gwinea
9%
Gwatemala
8%
Nie znaleziono quizów pasujących do podanych kryteriów
Rozkład punktacji
Procent ludzi z każdym wynikiem
Percentyl według liczby udzielonych odpowiedzi
Twoja historia wyników
Nie rozwiązałeś tego quizu